000 00357nam a2200157Ia 4500
005 20250509071701.0
008 240331s9999 xx 000 0 und d
082 _bRAJ
_a894
100 _aRajanarayanan, K
245 0 _aKopalla kramam
250 _a3rd
260 _aShivagangai
_bAnam Pvt Ltd
_c1991
300 _a144 p .,
650 _aNovel
942 _cL
999 _c4383
_d4383